000 01178nam a2200289 i 4500
001 bg
245 0 0 _aEfektywność i warunki rozwoju handlu żywnością :
_bmarketing produktów żywnościowych /
_cred. i koordynacja badań Edward Hościłowicz i Kazimierz Meredyk ; Wyższa Szkoła Finansów i Zarządzania w Białymstoku.
260 _aBiałystok :
_bWydaw. WSFiZ,
_c2002.
300 _a211 s. :
_bil. ;
_c24 cm.
500 _aStreszcz. ang. przy rozdz.
504 _aBibliogr.
650 9 _aMarketing strategiczny
_zPolska
_yod 1989 r.
650 9 _aSpożycie
_zPolska
_yod 1989 r.
650 9 _aŻywność
_xhandel
_zPolska
_yod 1989 r.
650 9 _aŻywność
_xmarketing
_zPolska
_yod 1989 r.
700 1 _aHOŚCIŁOWICZ, Edward.
_eRed.
700 1 _aMEREDYK, Kazimierz
_d(1945- ).
_eRed.
710 0 _aWyższa Szkoła Finansów i Zarządzania (Białystok)
020 _a838725634X
040 _cBPK
041 0 _apol
_beng
080 _a338.439:339.166.82:330.567.2:339.13](438)"1989/..."
920 _a83-87256-34-X
942 _cKS
008 s pl f |000 0 pol
999 _c44636
_d44636
856 _uhttp://koha.tu.koszalin.pl/cgi-bin/koha/opac-detail.pl?biblionumber=44636
_yKatalog online BPK